000 00299nam a22001337a 4500
008 171027b xxu||||| |||| 00| 0 eng d
020 _a9780060424190
041 _aeng
080 _22nd
_a338
100 _a56
101 _aMEN
245 _aBASIC MANAGERIAL FINANCE
_cGITMAN,L.J
942 _2udc
_cBK
999 _c35980
_d35980